000 00293nam a2200109Ia 4500
008 220204s9999 xx 000 0 und d
082 _a66:541.124
_bWAL
100 _aWalas, Stanley M
245 0 _aReaction kinetics for chemical engineers
260 _aNew York
_bMcGraw Hill
_c1959
942 _cBK
999 _c24054
_d24054